Open-economy macroeconomics for developing countries / (Record no. 3666)

000 -LEADER
fixed length control field 01250pam a2200313 a 4500
001 - CONTROL NUMBER
control field 4019085
003 - CONTROL NUMBER IDENTIFIER
control field Nust
005 - DATE AND TIME OF LATEST TRANSACTION
control field 20180117090011.0
008 - FIXED-LENGTH DATA ELEMENTS--GENERAL INFORMATION
fixed length control field 971203s1998 enka b 001 0 eng
010 ## - LIBRARY OF CONGRESS CONTROL NUMBER
LC control number 97050580
020 ## - INTERNATIONAL STANDARD BOOK NUMBER
International Standard Book Number 1858982278
020 ## - INTERNATIONAL STANDARD BOOK NUMBER
International Standard Book Number 1840644532
040 ## - CATALOGING SOURCE
Original cataloging agency DLC
Transcribing agency DLC
Modifying agency DLC
043 ## - GEOGRAPHIC AREA CODE
Geographic area code d------
050 00 - LIBRARY OF CONGRESS CALL NUMBER
Classification number HJ1620
Item number .H67 1998
082 00 - DEWEY DECIMAL CLASSIFICATION NUMBER
Classification number 339.5/2/091724
Edition number 21
100 1# - MAIN ENTRY--PERSONAL NAME
Personal name Hossain, Akhand Akhtar.
245 10 - TITLE STATEMENT
Title Open-economy macroeconomics for developing countries /
Statement of responsibility, etc. Akhtar Hossain, Anis Chowdhury.
260 ## - PUBLICATION, DISTRIBUTION, ETC.
Place of publication, distribution, etc. Cheltenham, UK ;
-- Northampton, MA :
Name of publisher, distributor, etc. Elgar Pub.,
Date of publication, distribution, etc. c1998.
300 ## - PHYSICAL DESCRIPTION
Extent xi, 252 p. :
Other physical details ill. ;
Dimensions 25 cm.
504 ## - BIBLIOGRAPHY, ETC. NOTE
Bibliography, etc. note Includes bibliographical references (p. 227-241) and index.
650 #0 - SUBJECT ADDED ENTRY--TOPICAL TERM
Topical term or geographic name entry element Fiscal policy
Geographic subdivision Developing countries.
650 #0 - SUBJECT ADDED ENTRY--TOPICAL TERM
Topical term or geographic name entry element Monetary policy
Geographic subdivision Developing countries.
700 1# - ADDED ENTRY--PERSONAL NAME
Personal name Chowdhury, Anis,
Dates associated with a name 1954-
906 ## - LOCAL DATA ELEMENT F, LDF (RLIN)
a 7
b rix
c orignew
d 1
e ocip
f 19
g y-gencatlg
942 ## - ADDED ENTRY ELEMENTS (KOHA)
Source of classification or shelving scheme
Koha item type Book
Holdings
Withdrawn status Lost status Source of classification or shelving scheme Damaged status Not for loan Collection code Permanent Location Current Location Shelving location Date acquired Total Checkouts Full call number Barcode Date last seen Date last checked out Price effective from Koha item type
            Central Library (CL) Central Library (CL) General Stacks 11/23/2016 3 339.5/2/091724 HOS S3H-S-338 11/19/2019 09/27/2019 11/23/2016 Book
© 2023 Central Library, National University of Sciences and Technology. All Rights Reserved.